80 największych wysp Kanady - Statystyki

Ogólne statystyki
  • Ten quiz został rozwiązany 5 razy
  • Średni wynik to 15 z 79
Statystyki odpowiedzi
# Powierzchnia Wyspa % Poprawnych
4. 108 860 km² Nowa Fundlandia
75%
2. 217 291 km² Wyspa Wiktorii
75%
1. 507 451 km² Ziemia Baffina
75%
6. 55 247 km² Devon
50%
9. 41 214 km² Southampton
50%
11. 31 285 km² Vancouver
50%
5. 70 028 km² Wyspa Banksa
50%
51. 990 km² Wyspa Banksa
50%
3. 196 236 km² Wyspa Ellesmere’a
50%
23. 5 620 km² Wyspa Księcia Edwarda
50%
10. 33 339 km² Wyspa Księcia Walii
50%
37. 1 720 km² Air Force Island
25%
29. 3 001 km² Akimiski
25%
20. 7 941 km² Anticosti
25%
30. 2 794 km² Borden
25%
18. 10 311 km² Cape Breton
25%
33. 2 358 km² Cornwall Island
25%
70. 472 km² Île de Montréal
25%
78. 245 km² Jésus
25%
56. 808 km² King Island
25%
71. 458 km² Koch Island
25%
77. 412 km² Little Cornwallis Island
25%
76. 419 km² Loks Land
25%
31. 2 766 km² Manitoulin
25%
41. 1 375 km² Pitt Island
25%
34. 2 251 km² Princess Royal Island
25%
35. 2 165 km² Richards Island
25%
57. 804 km² Salisbury Island
25%
72. 456 km² South Aulatsivik Island
25%
25. 5 255 km² Wyspa Amunda Ringnesa
25%
7. 43 178 km² Wyspa Axela Heiberga
25%
13. 16 042 km² Wyspa Bathursta
25%
17. 11 067 km² Wyspa Baylota
25%
24. 5 498 km² Wyspa Coasta
25%
21. 6 995 km² Wyspa Cornwallisa
25%
16. 11 295 km² Wyspa Ellefa Ringnesa
25%
22. 6361 km² Wyspa Grahama
25%
40. 1 378 km² Wyspa Grahama
25%
54. 920 km² Wyspa Jensa Munka
25%
15. 13 111 km² Wyspa Króla Williama
25%
19. 9 521 km² Wyspa Księcia Karola
25%
14. 15 848 km² Wyspa Księcia Patryka
25%
79. 120 km² Wyspa Lulu
25%
26. 5 048 km² Wyspa Mackenziego Kinga
25%
8. 42 149 km² Wyspa Melville’a
25%
12. 24 786 km² Wyspa Somerset
25%
55. 903 km² Akpatok
0%
68. 484 km² Alexander Island
0%
58. 803 km² Big Island
0%
61. 689 km² Bray Island
0%
60. 764 km² Brock Island
0%
48. 1 059 km² Cameron Island
0%
39. 1 541 km² Eglinton Island
0%
65. 549 km² Emerald Isle
0%
38. 1 585 km² Flaherty Island
0%
63. 637 km² Foley Island
0%
46. 1 126 km² Île Vanier
0%
75. 420 km² Joenny Lind Island
0%
62. 645 km² King Christian Island
0%
43. 1 308 km² Lougheed Island
0%
73. 432 km² Massey Island
0%
69. 477 km² Matty Island
0%
52. 955 km² Meighen Island
0%
32. 2 608 km² Moresby
0%
67. 510 km² Nootka Island
0%
64. 590 km² North Kent Island
0%
42. 1 372 km² Nottingham Island
0%
66. 521 km² Porcher Island
0%
74. 420 km² Porcher Island
0%
36. 2 020 km² René-Levasseur
0%
49. 1 015 km² Resolution Island
0%
47. 1 090 km² Rowley Island
0%
53. 940 km² Russell Island
0%
50. 997 km² Vansittart
0%
45. 1 137 km² Wales Island
0%
59. 789 km² White Island
0%
44. 1 150 km² Wyspa Byama Martina
0%
28. 3 180 km² Wyspa Mansela
0%
27. 4 463 km² Wyspa Stefanssona
0%
Nie znaleziono quizów pasujących do podanych kryteriów
Rozkład punktacji
Procent ludzi z każdym wynikiem
Percentyl według liczby udzielonych odpowiedzi
Twoja historia wyników
Nie rozwiązałeś tego quizu